000 00365nam a2200145Ia 4500
005 20250401081948.0
008 240331s9999 xx 000 0 und d
082 _bTHA
_a894
100 _aThalaiyasingham, M
245 0 _aKalaignanin thakam
260 _aCoiambatore
_bParijaatham Achagam
_c1985
300 _a142 p .,
500 _aKalai - Ilakiya nool
942 _cL
999 _c4011
_d4011